• 首页
  • 本馆介绍
  • 公告通知
  • 最新文献
  • 馆藏检索
  • 电子资源
  • 读者导购
  • 参考咨询
  • 我的图书馆
  • 登录
  • 详细信息显示
  • 放入我的书架
  • 预约/预借图书
  • 作者相关作品
  • 分类相关作品
  • 丛书相关作品
  • 出版社相关作品

书目信息

  • 表格格式
  • 工作单格式
  • 卡片格式
题名:
杏树高产栽培
    
 
作者: 普崇连 编著
分册:  
出版信息: 北京   金盾出版社  1993.5
页数: 108页
开本: 19cm
丛书名:
单 册:
中图分类: S662.2
科图分类:
主题词: 杏--栽培
电子资源:
ISBN: 7-80022-619-0
000 00605nam0 2200217 45
001 0193033654
005 20070721153812.71
010    @a7-80022-619-0@dCNY3.00
100    @a19930806d1993 em y0chiy0121 ea
101 0  @achi
102    @aCN@b110000
105    @af z 000yy
200 10 @a杏树高产栽培@AXING SHU GAO CHAN ZAI PEI@f普崇连编著@FPU CHONG LIAN BIAN ZHU
210    @a北京@c金盾出版社@d1993.5
215    @a108页@d19cm
540 1  @a杏树@AXING SHU
606    @a杏@x栽培
690    @aS662.2@v4
701  0 @a普崇连@APU CHONG LIAN@4编著
801  0 @aCN@bTSSF@c20070721
905    @a10447@dS662.2@e174
    
    杏树高产栽培/普崇连编著.-北京:金盾出版社,1993.5
    108页;19cm
    
    
    ISBN 7-80022-619-0:CNY3.00
    
●
相关链接 在E读中查询图书 在五车中查询图书 在当当中查询图书 在豆瓣中查询图书


正题名:杏树高产栽培     索取号:S662.2/174         预约/预借

序号 登录号 条形码 馆藏地/架位号 状态 备注
1 0769552   207695528   第二样本阅览室/ [索取号:S662.2/174] 在馆    
唐山师范学院图书馆 欢迎您!
大连网信软件有限公司© 版权所有